Central Library and Information Centre
Sibsagar Girls' College, Sivasagar : Assam

THE COMPREHENSIVE HISTORY OF ASSAM (VOL-III) (Record no. 2890)

MARC details
000 -LEADER
fixed length control field 00433cam a2200169ua 4500
008 - FIXED-LENGTH DATA ELEMENTS--GENERAL INFORMATION
fixed length control field 131128n II |||gr||||Z||||||eng
040 ## - CATALOGING SOURCE
Original cataloging agency MAIN
041 ## - LANGUAGE CODE
-- English
082 ## - DEWEY DECIMAL CLASSIFICATION NUMBER
Classification number 954.162 BOR
100 ## - MAIN ENTRY--PERSONAL NAME
Personal name BORPUZARI, H.K.
245 ## - TITLE STATEMENT
Title THE COMPREHENSIVE HISTORY OF ASSAM (VOL-III)
260 ## - PUBLICATION, DISTRIBUTION, ETC.
Place of publication, distribution, etc. GUWAHATI:
Name of publisher, distributor, etc. PUBLICATION BOARD OF ASSAM.,
Date of publication, distribution, etc. 2004.
300 ## - PHYSICAL DESCRIPTION
Extent 483:
Dimensions 23CM.
942 ## - ADDED ENTRY ELEMENTS (KOHA)
Koha item type Books
653 ## - INDEX TERM--UNCONTROLLED
Uncontrolled term History & geography
Holdings
Withdrawn status Lost status Damaged status Not for loan Collection code Home library Current library Shelving location Date acquired Total Checkouts Full call number Barcode Date last seen Date last checked out Copy number Price effective from Koha item type
        TBHIS Central Library and Information Centre Sibsagar Girls College Central Library and Information Centre Sibsagar Girls College History Rack 01.08.2006 1 954.162 BOR 21091 11.09.2025 06.08.2025 1 27.02.2020 Books


Sibsagar Girl's College © 2020. All rights reserved.
Powered by Koha.
Maintained by Abhijit Borpuzari.